000 00424nam a2200133Ia 4500
999 _c15459
_d15459
082 _a320.954 IND-
245 0 _aIndian social democracy: integrating markets, democracy and social justice
260 _aNew Delhi
_bAcademic Foundation
_c2013
500 _acontents: 2 Vols. vol 1 (444p) - vol 2 (324p), includes index
650 _aDEMOCRACY
700 _aKhilnani, Sunil
700 _aMalhoutra, Manmohan
942 _cBK
_2ddc